000
00496nam a2200181Ia 4500
008
100917s9999 xx 000 0 und d
082
_b
11174
100
_a
हसमनीस द. का.
245
_a
शापिता
260
_b
श्री विशाखा प्रकाशन
_c
1973
300
_a
104
365
_b
5
520
_a
कादंबरी
630
_a
शापिता
650
_a
कादंबरी
730
_a
शापिता
942
_c
BOOK
999
_c
616568
_d
616565